দার্শনিক শাহ ওয়ালিউল্লাহ দেহলভী (রহ:) ও তাঁর চিন্তাধারা / (Record no. 27591)

MARC details
000 -LEADER
fixed length control field 00937nam a22002057a 4500
003 - CONTROL NUMBER IDENTIFIER
control field BDDh-ASL
005 - DATE AND TIME OF LATEST TRANSACTION
control field 20231016062616.0
008 - FIXED-LENGTH DATA ELEMENTS--GENERAL INFORMATION
fixed length control field 201024s19871969b ||||| |||| 00| 0 b d
040 ## - CATALOGING SOURCE
Original cataloging agency BDDh-ASL
Transcribing agency BDDh-ASL
041 ## - LANGUAGE CODE
Language code of text/sound track or separate title ben
082 ## - DEWEY DECIMAL CLASSIFICATION NUMBER
Classification number 921
Item number KID
100 1# - MAIN ENTRY--PERSONAL NAME
9 (RLIN) 5768
Personal name কিসমতী, জুলফিকার আহমদ
245 10 - TITLE STATEMENT
Title দার্শনিক শাহ ওয়ালিউল্লাহ দেহলভী (রহ:) ও তাঁর চিন্তাধারা /
246 ## - VARYING FORM OF TITLE
Title proper/short title Darshanik Shah Waliullah Dehlavee (RH.) O Tar Chintadhara
260 ## - PUBLICATION, DISTRIBUTION, ETC.
Place of publication, distribution, etc. ঢাকা :
Name of publisher, distributor, etc. ইসলামিক ফাউন্ডেশন বাংলাদেশ,
Date of publication, distribution, etc. ১৯৮৭।
300 ## - PHYSICAL DESCRIPTION
Extent ৪০ পৃ. :
Dimensions ২২ সে. মি.
600 10 - SUBJECT ADDED ENTRY--PERSONAL NAME
9 (RLIN) 5769
Personal name দেহলভী, শাহ ওয়ালীউল্লাহ
650 #0 - SUBJECT ADDED ENTRY--TOPICAL TERM
Topical term or geographic name entry element biographical dictionary - চরিতাভিধান
9 (RLIN) 4665
942 ## - ADDED ENTRY ELEMENTS (KOHA)
Source of classification or shelving scheme Dewey Decimal Classification
Koha item type Books
Holdings
Withdrawn status Lost status Source of classification or shelving scheme Damaged status Not for loan Collection code Home library Current library Shelving location Date acquired Source of acquisition Total Checkouts Full call number Barcode Date last seen Copy number Price effective from Koha item type
    Dewey Decimal Classification     Non-fiction Asiatic Society Library Asiatic Society Library General Stacks 11/05/2021 ASB Library Collection   921 KID 113720 11/05/2021 C-1 11/05/2021 Books

Powered by Koha